000 01170cam a22003497a 4500
001 6996
003 FISKH
005 20250820085715.0
008 120403s2013 flua b 000 1 eng d
010 _a 2012936785
020 _a9781618101846
020 _a1618101846
020 _a9781618103178 (soft)
020 _a1618103172 (soft)
040 _aBTCTA
_beng
_cBTCTA
_dDLC
050 _aPZ7.P55295 P536
082 _a823
100 1 _aPicou, Lin.
245 1 0 _aBest boat race ever! /
_cby Lin Picou ; illustrated by John Reasoner.
260 _aVero Beach :
_bRourke Educational Media,
_c2013.
300 _a24 pages :
_bcolor illustrations ;
_c21 cm
490 0 _aLittle birdie books
505 _aF
520 _aA boat race turns into a lesson in helping others when Carly's boat begins to sink and Jose's boat flips over. The two decided helping each other was more important than winning the race.
521 8 _a300
_bLexile estimate
521 8 _aF
_bRaz-Plus
650 1 _aRacing
_vFiction.
700 1 _aReasoner, John,
_eillustrator
906 _a7
_bcbc
_ccopycat
_d4
_eepcn
_f20
_gy-gencatlg
942 _2ddc
_cBK
_n0
999 _c6996
_d6996